[Event "Reunion op 13th"]
[Site "St Denis"]
[Date "2011.10.07"]
[Round "8"]
[White "Bah, Ismael"]
[Black "Denis, Valentin"]
[Result "1-0"]
[WhiteElo "1769"]
[BlackElo "1530"]
[PlyCount "87"]
[EventDate "2011.10.01"]
[EventType "swiss"]
[EventRounds "9"]
[EventCountry "RUF"]
[SourceTitle "EXT 2012"]
[Source "ChessBase"]
[SourceDate "2011.11.24"]
[SourceVersion "1"]
[SourceVersionDate "2011.11.24"]
[SourceQuality "1"]

1. b4 e5 2. a3 d5 3. e3 c5 4. bxc5 Bxc5 5. Bb2 Nc6 6. Bb5 a6 7. Bxc6+ bxc6 8. Bxe5 Qg5 9. Nf3 Qxg2 10. Rg1 Qxh2 11. Nxh2 f6 12. Bc3 Bb6 13. f4 g6 14. d3 Kf7 15. Bb4 c5 16. Bd2 Bb7 17. Nc3 d4 18. Ne4 Bxe4 19. dxe4 Re8 20. Qf3 Ne7 21. exd4 cxd4 22. Kf2 f5 23. e5 Bc5 24. Qd3 Rb8 25. Qc4+ Kg7 26. Qxc5 Rhe8 27. Qxd4 Red8 28. Qe3 Nd5 29. Qe2 Rb2 30. Rgc1 Rb7 31. c4 Ne7 32. Bc3 Ng8 33. Rcb1 Rbd7 34. e6+ Kf8 35. Bb4+ Re7 36. Bxe7+ Kxe7 37. Rb7+ Ke8 38. Rd1 Rxd1 39. Qxd1 Nf6 40. Qa4+ Kf8 41. Qxa6 Ne4+ 42. Kg2 Nf6 43. Qa8+ Ne8 44. Rf7+ 1-0

[Event "Reunion op 12th"]
[Site "St Denis"]
[Date "2010.10.11"]
[Round "4"]
[White "Denis, Valentin"]
[Black "Nassau, Pierre Alexandre"]
[Result "0-1"]
[WhiteElo "1320"]
[BlackElo "1616"]
[PlyCount "110"]
[EventDate "2010.10.09"]
[EventType "swiss"]
[EventRounds "9"]
[EventCountry "RUF"]
[SourceTitle "CBM 138 Extra"]
[Source "ChessBase"]
[SourceDate "2010.10.29"]
[SourceVersion "1"]
[SourceVersionDate "2010.10.29"]
[SourceQuality "1"]

1. e4 e5 2. Nf3 Nc6 3. Nc3 Nf6 4. Bc4 Bc5 5. 0-0 d6 6. h3 0-0 7. d3 Be6 8. Bxe6 fxe6 9. Bd2 Qe8 10. Qe2 Qg6 11. Be3 Nd4 12. Bxd4 Bxd4 13. Nxd4 exd4 14. Nb5 Rf7 15. e5 dxe5 16. Qxe5 Nd5 17. Nxd4 Nf4 18. Qe4 Nxh3+ 19. Kh2 Qxe4 20. dxe4 Nxf2 21. Nxe6 Re8 22. Ng5 Rff8 23. Rae1 h6 24. Kg3 hxg5 25. Rxf2 Rxf2 26. Kxf2 Kf7 27. Kg3 Kf6 28. c3 a6 29. Kg4 Re5 30. b4 c5 31. a3 b6 32. Kf3 cxb4 33. axb4 a5 34. c4 Ke6 35. Rd1 Ke7 36. Rb1 Kd6 37. Ke3 Ke6 38. Kd4 Kf6 39. bxa5 bxa5 40. Ra1 Re8 41. Rxa5 Rd8+ 42. Rd5 Ra8 43. g4 Ra3 44. e5+ Kf7 45. Rd6 Rg3 46. Kd5 Rxg4 47. e6+ Ke8 48. c5 Rg1 49. Kc6 Ke7 50. Kc7 g4 51. c6 g3 52. Rd7+ Kxe6 53. Kd8 Ra1 54. Rxg7 Ra8+ 55. Kc7 Ra7+ 0-1